|
|
|
|
| LEADER |
00781cam a2200229 7i4500 |
| 001 |
0000033125 |
| 005 |
20170117090000.0 |
| 007 |
##ta |
| 008 |
170117s2011 nyua b 001 0 eng |
| 020 |
# |
# |
|a 9781616144623
|
| 040 |
# |
# |
|a DLC
|
| 090 |
0 |
0 |
|a B 808.51082
|b JAN
|
| 100 |
1 |
# |
|a Jahnke, Christine K.
|e author
|
| 245 |
1 |
0 |
|a THE WELL-SPOKEN WOMEN :
|b Your Guide to Looking and Sounding Your Best
|c Christine K. Jahnke.
|
| 264 |
# |
1 |
|a Amherst, N.Y.:
|b Prometheus Books,
|c 2011.
|
| 300 |
# |
# |
|a 355 pages:
|b illustrations;
|c 23 cm.
|
| 336 |
# |
# |
|a text
|2 rdacontent
|
| 337 |
# |
# |
|a unmediated
|2 rdamedia
|
| 338 |
# |
# |
|a volume
|2 rdacarrier
|
| 504 |
# |
# |
|a Includes bibliographical references and index
|
| 650 |
# |
0 |
|a Public speaking for women
|
| 999 |
|
|
|a B000037441
|b Book
|c Book
|e Business Information Centre
|